Countries closest to Riyadh - Statistics

General Stats
  • This quiz has been taken 57 times
    29 since last reset
  • The average score is 35 of 36
Answer Stats
Distance to Riyadh Country % Correct
1,544 km | 959 mi Afghanistan
100%
1,574 km | 978 mi Armenia
100%
413 km | 257 mi Bahrain
100%
1,683 km | 1,046 mi Cyprus
100%
1,382 km | 859 mi Djibouti
100%
1,025 km | 637 mi Egypt
100%
1,116 km | 693 mi Eritrea
100%
1,842 km | 1,145 mi Georgia
100%
2,273 km | 1,412 mi Greece
100%
2,204 km | 1,370 mi India
100%
594 km | 369 mi Iran
100%
491 km | 305 mi Iraq
100%
1,273 km | 791 mi Israel
100%
2,170 km | 1,348 mi Libya
100%
839 km | 521 mi Oman
100%
1,522 km | 946 mi Pakistan
100%
423 km | 263 mi Qatar
100%
1,846 km | 1,147 mi Russia
100%
1,477 km | 918 mi Somalia
100%
1,025 km | 637 mi Sudan
100%
1,395 km | 867 mi Turkey
100%
1,587 km | 986 mi Turkmenistan
100%
509 km | 316 mi United Arab Emirates
100%
1,986 km | 1,234 mi Uzbekistan
100%
725 km | 450 mi Yemen
100%
1,536 km | 954 mi Azerbaijan
94%
1,301 km | 808 mi Ethiopia
94%
1,071 km | 665 mi Jordan
94%
1,960 km | 1,218 mi Kazakhstan
94%
2,365 km | 1,470 mi Kenya
94%
443 km | 275 mi Kuwait
94%
1,424 km | 885 mi Lebanon
94%
1,956 km | 1,215 mi South Sudan
94%
1,222 km | 759 mi Syria
94%
2,444 km | 1,519 mi Tajikistan
94%
2,389 km | 1,484 mi Chad
78%
No matching quizzes found
Score Distribution
Percent of People with Each Score
Percentile by Number Answered
Your Score History
You have not taken this quiz since the last reset